Rệp hại cây trồng và biện pháp phòng trừ

Guardat en:
Dades bibliogràfiques
Autor principal: NGUYỄN MẠNH CHINH
Format: Llibre
Idioma:Undetermined
Publicat: H. Nông Nghiệp
Matèries:
Etiquetes: Afegir etiqueta
Sense etiquetes, Sigues el primer a etiquetar aquest registre!
Thư viện lưu trữ: Trung tâm Học liệu Trường Đại học Cần Thơ
LEADER 00520nam a2200157Ia 4500
001 CTU_50703
008 210402s9999 xx 000 0 und d
082 |a 632.7 
082 |b Ch312 
100 |a NGUYỄN MẠNH CHINH 
245 0 |a Rệp hại cây trồng và biện pháp phòng trừ 
245 0 |c NGUYỄN MẠNH CHINH 
260 |a H. 
260 |b Nông Nghiệp 
650 |a plants, protection of,insects as carriers of plant diseases 
980 |a Trung tâm Học liệu Trường Đại học Cần Thơ